[Event "HSK Oster Open 2025"]
[Site "HSK Schachzentrum"]
[Date "2025.04.19"]
[Round "3.4"]
[White "Bracker, Arne"]
[Black "Hort, Max"]
[Result "1-0"]
[WhiteElo "2289"]
[BlackElo "2007"]
[PlyCount "99"]
[EventDate "2025.04.18"]

1. e4 d6 2. d4 Nf6 3. Nc3 e5 4. Nf3 Nbd7 5. Bc4 Be7 6. a4 O-O 7. O-O c6 8. Re1
h6 9. h3 Re8 10. Be3 exd4 11. Qxd4 Nf8 12. Bf4 Ne6 13. Bxe6 Bxe6 14. Rad1 d5
15. e5 Nh7 16. Qe3 Qb6 17. Nd4 Bc5 18. Nce2 Nf8 19. Qg3 Ng6 20. Bc1 Bd7 21. f4
Ne7 22. c3 Bxd4+ 23. cxd4 c5 24. dxc5 Qxc5+ 25. Be3 Qb4 26. Nc3 Bc6 27. Qf2 b6
28. g4 Rad8 29. Rd4 Qa5 30. b4 Qa6 31. b5 Qc8 32. bxc6 Nxc6 33. Rxd5 Nxe5 34.
Red1 Nc4 35. Rxd8 Rxd8 36. Rxd8+ Qxd8 37. Bd4 Na5 38. Kh2 Nc6 39. Be3 h5 40.
gxh5 Ne7 41. h6 Nf5 42. Qd2 Qh4 43. Ne4 Nxh6 44. Ng5 Ng4+ 45. Kg2 Nxe3+ 46.
Qxe3 Kf8 47. Qd4 Ke7 48. Qe5+ Kd7 49. Qd5+ Kc8 50. Qa8+ 1-0

[Event "HSK Oster Open 2025"]
[Site "HSK Schachzentrum"]
[Date "2025.04.19"]
[Round "3.5"]
[White "Pittelkow, Andreas"]
[Black "Kotyk, Michael"]
[Result "0-1"]
[WhiteElo "2010"]
[BlackElo "2239"]
[PlyCount "102"]
[EventDate "2025.04.18"]

1. d4 d5 2. Nf3 e6 3. g3 Nf6 4. Bg2 Be7 5. O-O O-O 6. c4 c6 7. Qc2 b6 8. Nbd2
Bb7 9. e4 Na6 10. e5 Nd7 11. b3 c5 12. Bb2 Nb4 13. Qb1 dxc4 14. Nxc4 cxd4 15.
a3 b5 16. Ncd2 Nd5 17. Bxd4 Nc5 18. Ne4 Nxe4 19. Qxe4 Qd7 20. Qg4 Rfc8 21. Rfd1
Qc7 22. Ng5 Bxg5 23. Qxg5 h6 24. Qg4 Nc3 25. Rdc1 Bxg2 26. Kxg2 Qb7+ 27. Qf3
Nd5 28. Rc5 Rxc5 29. Bxc5 Qc7 30. Bd4 Qc2 31. a4 b4 32. Rd1 Rc8 33. Qd3 Qc6 34.
Kg1 a6 35. Be3 Qc3 36. Bd4 Qc6 37. Be3 Qc2 38. Qxc2 Rxc2 39. Bd4 g5 40. Kf1 g4
41. Kg2 Kg7 42. h3 h5 43. hxg4 hxg4 44. Kf1 Kg6 45. Ke1 Kf5 46. Rd2 Rc1+ 47.
Rd1 Rxd1+ 48. Kxd1 Ke4 49. Bb2 Kd3 50. Ba1 Nc3+ 51. Kc1 Ne4 0-1

[Event "HSK Oster Open 2025"]
[Site "HSK Schachzentrum"]
[Date "2025.04.19"]
[Round "3.6"]
[White "Keyser, Robin"]
[Black "Alpers, Arne"]
[Result "1/2-1/2"]
[WhiteElo "2169"]
[BlackElo "1922"]
[PlyCount "76"]
[EventDate "2025.04.18"]

1. d4 d5 2. Nf3 e6 3. e3 Nf6 4. Nbd2 c5 5. Be2 Nc6 6. O-O cxd4 7. exd4 Be7 8.
c3 O-O 9. Re1 Rb8 10. a4 a6 11. Bd3 Qc7 12. Qe2 Ne8 13. Nf1 Na5 14. Ne3 Nb3 15.
Rb1 Nxc1 16. Rbxc1 Nf6 17. Ne5 Bd6 18. f4 Bd7 19. b3 Rbc8 20. N3g4 Nxg4 21.
Qxg4 f5 22. Qd1 Rf6 23. Kh1 Be8 24. c4 Ba3 25. Rc2 Qa5 26. Ree2 Bh5 27. g4 Bxg4
28. Nxg4 fxg4 29. Re5 Bd6 30. cxd5 Rxc2 31. Qxc2 Bxe5 32. fxe5 Qe1+ 33. Kg2 Rf8
34. dxe6 Qe3 35. e7 Qf3+ 36. Kg1 Qe3+ 37. Kg2 Qf3+ 38. Kg1 Qe3+ 1/2-1/2

[Event "HSK Oster Open 2025"]
[Site "HSK Schachzentrum"]
[Date "2025.04.19"]
[Round "3.7"]
[White "Holmsgaard, Henrik"]
[Black "Marx, Jakob"]
[Result "0-1"]
[WhiteElo "2146"]
[BlackElo "1589"]
[PlyCount "82"]
[EventDate "2025.04.18"]

1. e4 e5 2. Nf3 Nc6 3. Bc4 Bc5 4. d3 Nf6 5. O-O d6 6. c3 O-O 7. a4 a5 8. Bg5 h6
9. Bh4 Bg4 10. h3 Bh5 11. g4 g5 12. Bg3 Bg6 13. Nbd2 Qd7 14. Kg2 Rfe8 15. Re1
Ba7 16. Nf1 Nd8 17. Ne3 Ne6 18. Nd5 Nxd5 19. Bxd5 c6 20. Bb3 Nf4+ 21. Bxf4 gxf4
22. Bc2 d5 23. exd5 Qxd5 24. Bb3 Qd6 25. d4 e4 26. Ne5 Rxe5 27. dxe5 Qxe5 28.
f3 Re8 29. Bc2 Qc5 30. Rxe4 Bxe4 31. Bxe4 Qf2+ 32. Kh1 Qg3 33. Qf1 Rd8 34. Qg2
Qh4 35. g5 h5 36. g6 f5 37. Bxf5 Kg7 38. Qe2 Be3 39. Rd1 Qf2 40. Re1 Qg3 41.
Rd1 Rd2 0-1

[Event "HSK Oster Open 2025"]
[Site "HSK Schachzentrum"]
[Date "2025.04.19"]
[Round "3.8"]
[White "Iachanou, Daniel"]
[Black "Kahlert, Thomas"]
[Result "1/2-1/2"]
[WhiteElo "1704"]
[BlackElo "2104"]
[PlyCount "35"]
[EventDate "2025.04.18"]

1. e4 e5 2. Nf3 Nc6 3. d4 exd4 4. Nxd4 Nf6 5. Nxc6 bxc6 6. e5 Qe7 7. Qe2 Nd5 8.
h4 d6 9. c4 Nb6 10. exd6 cxd6 11. Nc3 Qxe2+ 12. Bxe2 Be6 13. b3 Be7 14. Bf3 Rc8
15. Be3 Bf6 16. Rc1 d5 17. cxd5 cxd5 18. Nb5 1/2-1/2

[Event "HSK Oster Open 2025"]
[Site "HSK Schachzentrum"]
[Date "2025.04.19"]
[Round "3.9"]
[White "Porth, Hartmut"]
[Black "Busch, Jonathan Luis"]
[Result "1/2-1/2"]
[WhiteElo "1996"]
[BlackElo "1661"]
[PlyCount "83"]
[EventDate "2025.04.18"]

1. e4 e5 2. Nf3 Nc6 3. Bb5 a6 4. Bxc6 dxc6 5. d4 exd4 6. Qxd4 Qxd4 7. Nxd4 Nf6
8. O-O Bc5 9. c3 O-O 10. f3 h6 11. Kh1 Rd8 12. Be3 Bb6 13. Na3 Bd7 14. Rad1 Kf8
15. Nc4 Bxd4 16. cxd4 Be6 17. Na5 Rab8 18. b3 Ne8 19. g4 Nd6 20. d5 cxd5 21.
exd5 Bd7 22. Rc1 b6 23. Nc6 Bxc6 24. Rxc6 Ne8 25. Rd1 Rd7 26. a4 Rbd8 27. a5
Rxd5 28. Rxd5 Rxd5 29. axb6 cxb6 30. Rxb6 Rb5 31. Rxa6 Rxb3 32. Bc5+ Kg8 33.
Ra8 Rb1+ 34. Kg2 Re1 35. h4 Kh7 36. Ra7 Re5 37. Ba3 f6 38. h5 Re6 39. Bf8 Kg8
40. Bc5 Kh7 41. f4 Rc6 42. Be3 1/2-1/2

[Event "HSK Oster Open 2025"]
[Site "HSK Schachzentrum"]
[Date "2025.04.19"]
[Round "3.11"]
[White "Heins, Simon"]
[Black "Kellner, Anton"]
[Result "1/2-1/2"]
[WhiteElo "1777"]
[BlackElo "1797"]
[PlyCount "73"]
[EventDate "2025.04.18"]

1. e4 c5 2. Nf3 d6 3. d4 cxd4 4. Nxd4 Nf6 5. Nc3 a6 6. h3 e5 7. Nde2 Be7 8. Bg5
Nbd7 9. Ng3 h6 10. Be3 Nc5 11. Qd2 b5 12. b4 Ne6 13. a4 bxa4 14. Rxa4 Bb7 15.
Bc4 Qc7 16. Bd5 Rc8 17. Nf5 Qxc3 18. Bxb7 Rc7 19. Qxc3 Rxc3 20. Rxa6 Kd7 21. b5
Nd8 22. Bc6+ Nxc6 23. Rxc6 Rxc6 24. bxc6+ Kxc6 25. Nxe7+ Kd7 26. Nf5 Nxe4 27.
Nxg7 Rc8 28. O-O Rxc2 29. Bxh6 d5 30. f4 Ng3 31. Rf2 Rc1+ 32. Kh2 Nf1+ 33. Rxf1
Rxf1 34. fxe5 d4 35. Bg5 d3 36. Kg3 Re1 37. Kf2 1/2-1/2

[Event "HSK Oster Open 2025"]
[Site "HSK Schachzentrum"]
[Date "2025.04.19"]
[Round "3.13"]
[White "Malchereck, Romeo"]
[Black "Pothast, Laurenz"]
[Result "1/2-1/2"]
[WhiteElo "1740"]
[BlackElo "1944"]
[PlyCount "55"]
[EventDate "2025.04.18"]

1. e4 c5 2. Nf3 d6 3. d4 cxd4 4. Nxd4 Nf6 5. Nc3 a6 6. f3 e5 7. Nb3 Be6 8. Be3
Be7 9. Be2 Nbd7 10. O-O b5 11. Nd2 O-O 12. b3 Rc8 13. Ncb1 Qc7 14. c4 Nb6 15.
cxb5 axb5 16. Na3 b4 17. Nac4 Nxc4 18. Bxc4 d5 19. exd5 Nxd5 20. Bf2 Rfd8 21.
Qe1 Bc5 22. Ne4 Bxf2+ 23. Qxf2 Nf4 24. Bxe6 Nxe6 25. Rfd1 Rxd1+ 26. Rxd1 Qc2
27. Qxc2 Rxc2 28. Rd2 1/2-1/2

[Event "HSK Oster Open 2025"]
[Site "HSK Schachzentrum"]
[Date "2025.04.19"]
[Round "3.14"]
[White "Schiller, Thomas"]
[Black "Lasschuit, Rene"]
[Result "1-0"]
[WhiteElo "1877"]
[BlackElo "1701"]
[PlyCount "79"]
[EventDate "2025.04.18"]

1. e4 c5 2. c3 Nf6 3. e5 Nd5 4. d4 cxd4 5. Nf3 Nc6 6. cxd4 d6 7. Bc4 Nb6 8. Bb3
e6 9. O-O Be7 10. Nc3 O-O 11. Be3 dxe5 12. dxe5 Nd7 13. Bf4 Nc5 14. Bc2 Qxd1
15. Raxd1 Rd8 16. a3 b6 17. b4 Nd7 18. Be4 Bb7 19. Nb5 a6 20. Nd6 Bxd6 21. Rxd6
Rac8 22. Rc1 Ndb8 23. Rcd1 Kf8 24. Kf1 b5 25. Be3 Rxd6 26. Rxd6 Ke8 27. h4 h6
28. Nd4 Nd8 29. Rxd8+ Kxd8 30. Bxb7 Rc3 31. Ke2 Rxa3 32. Nc2 Ra2 33. Bb6+ Kd7
34. Kd3 Nc6 35. f4 a5 36. Bxc6+ Kxc6 37. bxa5 Rb2 38. Kc3 Rb1 39. Nd4+ Kb7 40.
Nb3 1-0

[Event "HSK Oster Open 2025"]
[Site "HSK Schachzentrum"]
[Date "2025.04.19"]
[Round "3.15"]
[White "Richter, Thomas"]
[Black "Babychev, Mykhailo"]
[Result "1/2-1/2"]
[WhiteElo "1876"]
[BlackElo "1698"]
[PlyCount "100"]
[EventDate "2025.04.18"]

1. b3 d5 2. Bb2 Nf6 3. e3 c5 4. Bb5+ Bd7 5. Bxd7+ Qxd7 6. Nf3 Nc6 7. Nc3 e6 8.
Ne2 Bd6 9. d3 e5 10. Ng3 h5 11. e4 d4 12. h3 Ne7 13. Bc1 h4 14. Ne2 Ng6 15. Bg5
b5 16. a4 c4 17. bxc4 bxa4 18. Qb1 Rb8 19. Qa2 a3 20. Bc1 Bb4+ 21. Nd2 Rb6 22.
O-O Ra6 23. Nb3 O-O 24. f4 exf4 25. Bxf4 Nh5 26. Bh2 Ne7 27. Rf3 Rg6 28. Raf1
Nc6 29. Kh1 a5 30. Rf5 Ng3+ 31. Bxg3 hxg3 32. Rd5 Qc8 33. Nbxd4 Nxd4 34. Nxd4
Rh6 35. Nf5 Rh5 36. Ne7+ Bxe7 37. Rxh5 Qc7 38. Rb5 g6 39. d4 Qd7 40. c3 Kg7 41.
Rxa5 Rh8 42. c5 Bg5 43. Rf3 Rh4 44. Rxa3 Rxe4 45. Rf1 Rh4 46. Rxf7+ Qxf7 47.
Ra7 Be7 48. Qxf7+ Kxf7 49. Kg1 Re4 50. Kf1 Re6 1/2-1/2

[Event "HSK Oster Open 2025"]
[Site "HSK Schachzentrum"]
[Date "2025.04.19"]
[Round "3.16"]
[White "Haertel, Leon"]
[Black "Schranz, Patrick"]
[Result "1/2-1/2"]
[WhiteElo "1855"]
[BlackElo "1696"]
[PlyCount "40"]
[EventDate "2025.04.18"]

1. d4 d5 2. c4 dxc4 3. e3 Nf6 4. Bxc4 e6 5. Nf3 Bb4+ 6. Ke2 O-O 7. a3 Bd6 8.
Nc3 Nbd7 9. b4 Nb6 10. Bb3 Nbd5 11. Bb2 b6 12. Qd3 Bb7 13. Bc2 a5 14. b5 Qd7
15. Nxd5 Bxd5 16. Nd2 g6 17. f3 Be7 18. a4 Rac8 19. e4 Bb7 20. Nc4 Ne8 1/2-1/2

[Event "HSK Oster Open 2025"]
[Site "HSK Schachzentrum"]
[Date "2025.04.19"]
[Round "3.18"]
[White "Mi, Gufeng"]
[Black "Sharma, Rishi"]
[Result "0-1"]
[WhiteElo "1659"]
[BlackElo "1850"]
[PlyCount "84"]
[EventDate "2025.04.18"]

1. e4 e6 2. f4 d5 3. exd5 exd5 4. Nf3 Bd6 5. d4 Nf6 6. Bd3 O-O 7. O-O c5 8. c3
Nc6 9. h3 Qc7 10. Ne5 cxd4 11. Nxc6 bxc6 12. cxd4 Re8 13. Nc3 Bd7 14. Qc2 h6
15. Bd2 Re7 16. Rf2 Rae8 17. Raf1 Qb6 18. Ne2 c5 19. Qd1 c4 20. Bb1 Qxb2 21.
Nc3 Qb6 22. Bc1 Bb4 23. Rb2 Qa5 24. Rxb4 Qxb4 25. Bd2 Qb6 26. Bc1 Qe6 27. Bd2
Bc6 28. f5 Qd6 29. Bf4 Qb4 30. Bd2 Qb2 31. Bc2 Ne4 32. Nxe4 Rxe4 33. Bxe4 Qxd4+
34. Kh1 Qxe4 35. f6 d4 36. Rf2 c3 37. Qh5 cxd2 38. Rf3 d1=Q+ 39. Kh2 Qexf3 40.
gxf3 Re2+ 41. Kg3 Qg1+ 42. Kf4 g5+ 0-1

[Event "HSK Oster Open 2025"]
[Site "HSK Schachzentrum"]
[Date "2025.04.19"]
[Round "3.19"]
[White "Neumann, Hannes"]
[Black "Strate, Gerda"]
[Result "1-0"]
[WhiteElo "1655"]
[BlackElo "1848"]
[PlyCount "101"]
[EventDate "2025.04.18"]

1. e4 e5 2. Nf3 Nc6 3. Bc4 h6 4. O-O Nf6 5. Re1 d6 6. c3 Bg4 7. d4 exd4 8. cxd4
Bxf3 9. Qxf3 Nxd4 10. Qd3 Nc6 11. Qb3 Qd7 12. e5 dxe5 13. Bxf7+ Kd8 14. Nc3 Bd6
15. Be3 Na5 16. Qe6 Rf8 17. Qxd7+ Kxd7 18. Bg6 Nc4 19. Rad1 Nxb2 20. Rb1 Nc4
21. Rxb7 Nxe3 22. Rxe3 Ng4 23. Re2 Nf6 24. Nb5 Rab8 25. Nxd6 Kxd6 26. Rxa7 Nd5
27. g3 Rf6 28. Be4 g5 29. Rd2 c6 30. Ra6 Rb5 31. a4 Rc5 32. a5 Rf8 33. Bxd5
Rxd5 34. Ra2 Rb8 35. Ra7 Rd1+ 36. Kg2 g4 37. h3 h5 38. hxg4 hxg4 39. Rg7 Rbb1
40. Rxg4 Rg1+ 41. Kf3 Rb3+ 42. Ke2 Rgb1 43. Raa4 c5 44. a6 R1b2+ 45. Kf1 Rb4
46. Rgxb4 cxb4 47. a7 Rb1+ 48. Kg2 b3 49. a8=Q Rb2 50. Qa6+ Ke7 51. Rb4 1-0

[Event "HSK Oster Open 2025"]
[Site "HSK Schachzentrum"]
[Date "2025.04.19"]
[Round "3.20"]
[White "Knaak, Michael"]
[Black "Klaeke, Gregor"]
[Result "1-0"]
[WhiteElo "1842"]
[BlackElo "1655"]
[PlyCount "29"]
[EventDate "2025.04.18"]

1. b3 Nf6 2. Bb2 d5 3. e3 Bg4 4. Nf3 Nbd7 5. d4 c6 6. Nbd2 Ne4 7. Be2 Qa5 8.
O-O Nc3 9. Bxc3 Qxc3 10. a3 a5 11. Ra2 Bxf3 12. gxf3 a4 13. b4 Qxd2 14. Qxd2 b5
15. Qc3 1-0

[Event "HSK Oster Open 2025"]
[Site "HSK Schachzentrum"]
[Date "2025.04.19"]
[Round "3.21"]
[White "Busch, Lara Sophie"]
[Black "Skibbe, Kai"]
[Result "0-1"]
[WhiteElo "1651"]
[BlackElo "1840"]
[PlyCount "82"]
[EventDate "2025.04.18"]

1. e4 c6 2. d4 d5 3. exd5 cxd5 4. Bd3 Nc6 5. c3 Nf6 6. Bf4 Bg4 7. Qb3 Qd7 8.
Nd2 e6 9. Ngf3 Bd6 10. Bxd6 Qxd6 11. O-O O-O 12. Rfe1 Nd7 13. Qc2 h6 14. h3
Bxf3 15. Nxf3 a6 16. b3 Rfc8 17. Qb2 Na5 18. Rac1 b5 19. Nd2 Nb6 20. Re3 Rc7
21. Bf1 Rac8 22. a3 Rc6 23. Nf3 Nd7 24. Nd2 Qc7 25. g3 Nb6 26. Kg2 Nb7 27. Nf3
Nd7 28. Nd2 Nd6 29. g4 Nf6 30. f3 Nd7 31. Nb1 Nf8 32. Bd3 f5 33. Rce1 Qd8 34.
Qf2 Qf6 35. h4 R8c7 36. Kf1 Rf7 37. gxf5 Nxf5 38. Bxf5 Qxf5 39. Qg3 Ng6 40. Kf2
Nf4 41. Rh1 Qc2+ 0-1

[Event "HSK Oster Open 2025"]
[Site "HSK Schachzentrum"]
[Date "2025.04.19"]
[Round "3.22"]
[White "Speck, Jakob"]
[Black "Queißer, Jens"]
[Result "1-0"]
[WhiteElo "1817"]
[BlackElo "1653"]
[PlyCount "29"]
[EventDate "2025.04.18"]

1. e4 c6 2. d4 d5 3. Nc3 dxe4 4. Nxe4 Nf6 5. Nxf6+ gxf6 6. Bc4 Qa5+ 7. c3 Bf5
8. Qh5 Kd7 9. g4 e6 10. gxf5 Kd6 11. Bf4+ e5 12. dxe5+ fxe5 13. O-O-O+ Kc5 14.
Be3+ Kxc4 15. Qe2# 1-0

[Event "HSK Oster Open 2025"]
[Site "HSK Schachzentrum"]
[Date "2025.04.19"]
[Round "3.23"]
[White "Majewski, Nico"]
[Black "Loayza, Ignacio"]
[Result "0-1"]
[WhiteElo "1631"]
[BlackElo "1811"]
[PlyCount "98"]
[EventDate "2025.04.18"]

1. Nf3 d5 2. c4 e6 3. g3 a6 4. Bg2 Nf6 5. O-O Be7 6. b3 O-O 7. Bb2 c6 8. d3 b5
9. Nbd2 Bb7 10. Ne5 Nbd7 11. f4 Rb8 12. Ndf3 Qc7 13. Rc1 Qa5 14. Qc2 Ba3 15.
Bxa3 Qxa3 16. c5 Nxe5 17. Nxe5 Qa5 18. d4 Qc7 19. b4 Ra8 20. a3 Ra7 21. Ra1
Rfa8 22. Ra2 a5 23. Rfa1 Nd7 24. Nxd7 Qxd7 25. e3 Bc8 26. Bf1 Qb7 27. Bd3 g6
28. Qb3 Bd7 29. Qb2 Be8 30. g4 Qe7 31. a4 axb4 32. axb5 cxb5 33. Rxa7 Rxa7 34.
Rxa7 Qxa7 35. Qxb4 Qa6 36. Kf2 Bc6 37. Ke2 Kf8 38. Kd2 Qa2+ 39. Kc3 Qa1+ 40.
Kb3 Qd1+ 41. Bc2 Qe2 42. Qc3 Qxg4 43. Qa5 Qe2 44. Qc3 Qxh2 45. Bd3 Qg1 46. Kb4
Qxe3 47. Ka5 Qxf4 48. Kb6 Be8 49. Qb4 Qb8+ 0-1

[Event "HSK Oster Open 2025"]
[Site "HSK Schachzentrum"]
[Date "2025.04.19"]
[Round "3.24"]
[White "Wang, Kaiwen"]
[Black "Koop, Michael"]
[Result "1-0"]
[WhiteElo "1749"]
[BlackElo "1569"]
[PlyCount "71"]
[EventDate "2025.04.18"]

1. e4 c6 2. d4 d5 3. exd5 cxd5 4. c4 Nf6 5. Nc3 e6 6. Bf4 Bd7 7. c5 a6 8. Nf3
Nc6 9. h3 Be7 10. a3 O-O 11. Bd3 h6 12. O-O Nh7 13. Na4 Ng5 14. Bxg5 Bxg5 15.
Nxg5 hxg5 16. Nb6 Rb8 17. Bc2 Be8 18. Qd3 f5 19. Rfe1 Qf6 20. Rad1 Rd8 21. Qe3
Bf7 22. Ba4 f4 23. Qc3 Ne7 24. Nd7 Qh6 25. Nxf8 Rxf8 26. Bc2 f3 27. Re3 fxg2
28. Kxg2 Bh5 29. Rde1 Qf6 30. f3 g4 31. hxg4 Bxg4 32. fxg4 Qf2+ 33. Kh1 Qh4+
34. Rh3 Qf2 35. Bh7+ Kf7 36. Rf3+ 1-0

[Event "HSK Oster Open 2025"]
[Site "HSK Schachzentrum"]
[Date "2025.04.19"]
[Round "3.25"]
[White "Ikwuka, God´sfavour"]
[Black "Thürauf, Peter"]
[Result "0-1"]
[WhiteElo "1628"]
[BlackElo "1772"]
[PlyCount "132"]
[EventDate "2025.04.18"]

1. e4 c5 2. f4 e6 3. Nf3 d5 4. e5 Nc6 5. c3 Nge7 6. d4 b6 7. Bb5 a6 8. Ba4 Bd7
9. Be3 Nf5 10. Bf2 cxd4 11. cxd4 Bb4+ 12. Nc3 Na5 13. O-O Bxc3 14. Bxd7+ Qxd7
15. bxc3 O-O 16. Qc2 Rfc8 17. g4 Ne7 18. Qd3 Rc7 19. Rab1 Nc4 20. Bh4 Ng6 21.
Bg3 Ne7 22. h4 Rac8 23. h5 h6 24. g5 Nf5 25. Bf2 b5 26. Nh4 Nce3 27. Rfc1 Nxh4
28. Bxh4 Nf5 29. Bf2 Qe7 30. Qd2 Rc4 31. Rb3 Qe8 32. Qb2 Qc6 33. a3 Nxd4 34.
Bxd4 Rxd4 35. Qf2 Re4 36. gxh6 gxh6 37. Qg3+ Kh7 38. Qf3 Rg8+ 39. Kh2 Qc4 40.
Rb4 Qe2+ 41. Qxe2 Rxe2+ 42. Kh3 Ra2 43. a4 Rxa4 44. Rxa4 bxa4 45. Ra1 Rc8 46.
Rxa4 Rxc3+ 47. Kg4 Rc6 48. Kf3 Kg7 49. Ra5 f6 50. f5 fxe5 51. fxe6 e4+ 52. Ke3
Rd6 53. Rc5 Kf6 54. e7 Kxe7 55. Rc7+ Kf6 56. Kf4 d4 57. Kxe4 d3 58. Rc1 d2 59.
Rd1 Kg5 60. Ke5 Rd8 61. Ke4 Kxh5 62. Kf5 Kh4 63. Kf4 Kh3 64. Kf3 Kh2 65. Kg4
Kg2 66. Kh5 Rd6 0-1

[Event "HSK Oster Open 2025"]
[Site "HSK Schachzentrum"]
[Date "2025.04.19"]
[Round "3.27"]
[White "Winklmann, Alexander"]
[Black "Schwarzkopf, Jörg"]
[Result "1-0"]
[WhiteElo "1593"]
[BlackElo "1863"]
[PlyCount "64"]
[EventDate "2025.04.18"]

1. c4 e5 2. Nc3 Nc6 3. g3 f5 4. d3 Nf6 5. Bg2 Bb4 6. Bd2 d6 7. a3 Bxc3 8. Bxc3
O-O 9. e3 Bd7 10. Ne2 Qe8 11. Qc2 a5 12. O-O Qh5 13. f3 f4 14. exf4 Bh3 15.
Rae1 Bxg2 16. Kxg2 Qh6 17. Qd2 Qg6 18. Kh1 Rae8 19. fxe5 dxe5 20. d4 e4 21. Nf4
Qf7 22. d5 Ne5 23. Bxe5 Rxe5 24. Ne6 Rxe6 25. dxe6 Qxe6 26. Qd4 Re8 27. fxe4
Nxe4 28. Qd5 c6 29. Qxe6+ Rxe6 30. Kg2 Nc5 31. Rxe6 Nxe6 32. Rf5 b6 1-0

[Event "HSK Oster Open 2025"]
[Site "HSK Schachzentrum"]
[Date "2025.04.19"]
[Round "3.28"]
[White "Falke, Ornella"]
[Black "Köhler, Nils"]
[Result "1-0"]
[WhiteElo "2047"]
[BlackElo "1513"]
[PlyCount "49"]
[EventDate "2025.04.18"]

1. d4 Nf6 2. c4 e6 3. Nf3 b6 4. g3 Bb7 5. Bg2 Be7 6. O-O O-O 7. Nc3 Nc6 8. d5
Na5 9. Qd3 Ba6 10. Nd2 exd5 11. Nxd5 Nc6 12. e4 Ne5 13. Nxe7+ Qxe7 14. Qc3 Rad8
15. b4 c6 16. Bb2 Rfe8 17. f4 Ng6 18. e5 Nd5 19. cxd5 Bxf1 20. d6 Qf8 21. Bxf1
f6 22. Bc4+ Kh8 23. exf6 Qxf6 24. Qxf6 gxf6 25. Bxf6# 1-0

[Event "HSK Oster Open 2025"]
[Site "HSK Schachzentrum"]
[Date "2025.04.19"]
[Round "3.29"]
[White "Kollath, Leno"]
[Black "Pavlov, Dmitriy"]
[Result "1-0"]
[WhiteElo "1705"]
[BlackElo "1647"]
[PlyCount "85"]
[EventDate "2025.04.18"]

1. e4 e6 2. d4 d5 3. exd5 exd5 4. Bd3 Bd6 5. Nf3 Bg4 6. c3 Ne7 7. h3 Bh5 8. O-O
Nbc6 9. Re1 O-O 10. Nbd2 Bg6 11. Nf1 Bxd3 12. Qxd3 Ng6 13. Ne3 Nce7 14. Nf5
Nxf5 15. Qxf5 c6 16. Bd2 Qc7 17. Re2 Bf4 18. Bxf4 Nxf4 19. Re3 Ng6 20. Ne5 Nxe5
21. Rxe5 g6 22. Qc2 Rae8 23. Rae1 Rxe5 24. Rxe5 Rd8 25. Qe2 Kf8 26. g3 Qd7 27.
Kg2 Re8 28. f4 f6 29. Re3 Rxe3 30. Qxe3 Kf7 31. g4 Qe6 32. Qxe6+ Kxe6 33. h4 h6
34. Kf3 h5 35. f5+ Kf7 36. fxg6+ Kxg6 37. Kf4 hxg4 38. Kxg4 b6 39. b4 a6 40. a4
b5 41. a5 f5+ 42. Kf4 Kh5 43. Kxf5 1-0

[Event "HSK Oster Open 2025"]
[Site "HSK Schachzentrum"]
[Date "2025.04.19"]
[Round "3.30"]
[White "Abram, Kristina-Maria"]
[Black "Erk, Ben"]
[Result "0-1"]
[WhiteElo "1477"]
[BlackElo "1743"]
[PlyCount "44"]
[EventDate "2025.04.18"]

1. d4 d5 2. c4 e6 3. Nc3 Be7 4. Nf3 Nf6 5. Bg5 O-O 6. e3 b6 7. Bd3 Bb7 8. cxd5
exd5 9. O-O Ne4 10. Bf4 Nd7 11. Qc2 Ndf6 12. Be5 c5 13. dxc5 Bxc5 14. Rad1 Qe7
15. b3 Rac8 16. Bxe4 dxe4 17. Bxf6 Qxf6 18. Nxe4 Qg6 19. Nfd2 Bxe3 20. Qd3 Bxd2
21. Qxd2 Bxe4 22. g3 Qh5 0-1

[Event "HSK Oster Open 2025"]
[Site "HSK Schachzentrum"]
[Date "2025.04.19"]
[Round "3.33"]
[White "Rojas Albores, Graciela Ivonne"]
[Black "Wang, Huanying"]
[Result "1-0"]
[WhiteElo "1619"]
[BlackElo "1422"]
[PlyCount "49"]
[EventDate "2025.04.18"]

1. e4 e6 2. Nf3 Ne7 3. d4 d5 4. e5 Nec6 5. Nc3 Be7 6. a3 O-O 7. Bd3 a6 8. h4 f6
9. h5 Nxe5 10. dxe5 c5 11. Qe2 f5 12. Bd2 c4 13. Bxf5 exf5 14. O-O-O Be6 15.
Nd4 Bf7 16. Nxf5 d4 17. Qg4 Bg6 18. hxg6 Bf6 19. gxh7+ Kf7 20. exf6 Qxf6 21.
Ne4 Nd7 22. Nxf6 g6 23. Nxd7 Rh8 24. Rde1 Rag8 25. Nd6+ 1-0

[Event "HSK Oster Open 2025"]
[Site "HSK Schachzentrum"]
[Date "2025.04.19"]
[Round "4.1"]
[White "Marx, Jakob"]
[Black "Koniahli, Malek"]
[Result "0-1"]
[WhiteElo "1589"]
[BlackElo "2309"]
[PlyCount "80"]
[EventDate "2025.04.18"]

1. e4 c5 2. d4 cxd4 3. c3 d3 4. Bxd3 Nc6 5. Nf3 d6 6. c4 g6 7. Nc3 Bg7 8. Bd2
Nf6 9. O-O O-O 10. Rc1 Nd7 11. b3 Nc5 12. Bb1 b6 13. Nd5 e6 14. Nb4 Nxb4 15.
Bxb4 a5 16. Bc3 Bxc3 17. Rxc3 e5 18. Qd2 Bg4 19. Rd1 Qe7 20. Qh6 Ne6 21. Rcd3
Bxf3 22. Rxf3 Nd4 23. Rh3 f6 24. a3 Ra7 25. b4 axb4 26. axb4 Ne2+ 27. Kf1 Nf4
28. Rf3 Qc7 29. Rc3 Ra4 30. Rdc1 Ne6 31. Rb3 Rfa8 32. Qd2 Nd4 33. Rb2 Ra1 34.
Ba2 R8xa2 35. c5 Rxc1+ 36. Qxc1 Rxb2 37. Qxb2 bxc5 38. b5 Qb6 39. Qa2+ Kg7 40.
Qa6 Qxb5+ 0-1

[Event "HSK Oster Open 2025"]
[Site "HSK Schachzentrum"]
[Date "2025.04.19"]
[Round "4.2"]
[White "Holinka, Henning"]
[Black "Bracker, Arne"]
[Result "0-1"]
[WhiteElo "2292"]
[BlackElo "2289"]
[PlyCount "92"]
[EventDate "2025.04.18"]

1. e4 e5 2. Nf3 Nc6 3. Bc4 Nf6 4. d3 Bc5 5. c3 a6 6. a4 d6 7. O-O Ba7 8. Re1
O-O 9. b4 Ne7 10. Be3 Bxe3 11. Rxe3 Ng6 12. Re1 Re8 13. Nbd2 Be6 14. Bxe6 Rxe6
15. d4 Qd7 16. d5 Ree8 17. a5 Nh5 18. c4 Nhf4 19. Nf1 f5 20. exf5 Qxf5 21. Ng3
Qd7 22. Qb3 Rf8 23. Re3 h6 24. Rc1 Rf7 25. c5 Raf8 26. c6 Qc8 27. Ne1 Nh4 28.
b5 Nhxg2 29. Nxg2 Nxg2 30. cxb7 Qh3 31. Nf1 Nxe3 32. Qxe3 Rf3 33. Qe2 Qg4+ 34.
Kh1 Qf4 35. Rc2 axb5 36. a6 Ra3 37. Ra2 Qa4 38. Qf3 Rxa2 39. Qxf8+ Kxf8 40.
b8=Q+ Kf7 41. Qxc7+ Kg6 42. Qxd6+ Kh7 43. Qxe5 Rxf2 44. Kg1 Rf6 45. d6 Qxa6 46.
Qe4+ Rg6+ 0-1

[Event "HSK Oster Open 2025"]
[Site "HSK Schachzentrum"]
[Date "2025.04.19"]
[Round "4.5"]
[White "Colpe, Malte"]
[Black "Atri, Jamshid"]
[Result "1-0"]
[WhiteElo "2373"]
[BlackElo "2029"]
[PlyCount "65"]
[EventDate "2025.04.18"]

1. d4 d5 2. Bf4 Nf6 3. e3 c5 4. Nf3 Nc6 5. Nbd2 e6 6. c3 Be7 7. Bd3 Nh5 8. Be5
Nxe5 9. Nxe5 Nf6 10. f4 O-O 11. O-O Ne8 12. Qf3 f6 13. Bxh7+ Kxh7 14. Qh3+ Kg8
15. Ng6 Nd6 16. Qh8+ Kf7 17. Qh5 Ke8 18. Nf3 Kd7 19. dxc5 Ne4 20. Nxf8+ Bxf8
21. b4 Nxc3 22. Nd4 Qe8 23. Qh7 Kc7 24. Rfc1 Ne4 25. c6 bxc6 26. Rxc6+ Kb8 27.
Rac1 Bd7 28. R6c2 e5 29. fxe5 fxe5 30. Nc6+ Kb7 31. Na5+ Kb8 32. Rc7 Bd6 33.
Rb7# 1-0

[Event "HSK Oster Open 2025"]
[Site "HSK Schachzentrum"]
[Date "2025.04.19"]
[Round "4.6"]
[White "Kahlert, Thomas"]
[Black "Speck, Jakob"]
[Result "1/2-1/2"]
[WhiteElo "2104"]
[BlackElo "1817"]
[PlyCount "72"]
[EventDate "2025.04.18"]

1. c4 c5 2. Nf3 Nf6 3. Nc3 Nc6 4. g3 d5 5. cxd5 Nxd5 6. Bg2 Nc7 7. O-O e5 8. b3
Be7 9. Bb2 f6 10. Rc1 O-O 11. Ne1 Bd7 12. Nd3 Rc8 13. f4 exf4 14. Nxf4 Kh8 15.
e3 Ne6 16. Nfd5 Bd6 17. Ne2 Be5 18. Bxe5 Nxe5 19. d4 cxd4 20. Rxc8 Bxc8 21.
Nxd4 Nxd4 22. Qxd4 b6 23. Rc1 Bg4 24. Nf4 g5 25. Qxd8 Rxd8 26. Nd5 Nf3+ 27.
Bxf3 Bxf3 28. Nxf6 Kg7 29. Rf1 g4 30. Nh5+ Kg6 31. Nf4+ Kf5 32. h3 Rd2 33. Rf2
Rd1+ 34. Rf1 Rd2 35. Rf2 Rd1+ 36. Rf1 Rd2 1/2-1/2